Instrumentaľnyje sredstva programmirovanija na jazyke Paskaľ

Saved in:
Bibliographic Details
Main Authors: Plauger, P.J (Author), Kernighan, Brian W (Author)
Format: Book
Language:Russian
Published: Moskva : Radio i svjaz, 1985
Tags: Add Tag
No Tags, Be the first to tag this record!

MARC

LEADER 00000nam a22000003a 4500
001 stu86409
005 20201020164134.9
008 040428s1985------------------------rus-d
040 |a STU  |b slo 
041 0 |a rus 
080 |a 681.32.06 
080 |a 519.682 
100 1 |a Plauger, P.J.  |4 aut 
245 1 |a Instrumentaľnyje sredstva programmirovanija na jazyke Paskaľ 
260 |a Moskva :  |b Radio i svjaz,  |c 1985 
300 |a 311 s 
700 1 |a Kernighan, Brian W  |4 aut 
996 |b E59663  |c E*59663  |l EE03  |s P  |a 0  |w stu86409_0001